LIBRARY & INFORMATION CENTRE, KCAET, TAVANUR

ONLINE PUBLIC ACCESS CATALOGUE (OPAC)

Report of the commission on higher education for women / (Record no. 8115)

MARC details
000 -LEADER
fixed length control field 00508cam a2200193ua 4500
041 ## - LANGUAGE CODE
Language code of text/sound track or separate title eng
082 ## - DEWEY DECIMAL CLASSIFICATION NUMBER
Classification number 028.74378
Item number RAJ/RE
100 ## - MAIN ENTRY--AUTHOR NAME
Personal name Rajammal Devdas, P .
245 ## - TITLE STATEMENT
Title Report of the commission on higher education for women /
250 ## - EDITION STATEMENT
Edition statement 1 /
260 ## - PUBLICATION, DISTRIBUTION, ETC. (IMPRINT)
Place of publication Madras :
Name of publisher University of Madras ,
Year of publication 1979.
300 ## - PHYSICAL DESCRIPTION
Number of Pages 250 ; .
500 ## - GENERAL NOTE
General note **Reference
942 ## - ADDED ENTRY ELEMENTS (KOHA)
Koha item type Books

No items available.

free website counter